00491nam a2200205Ia 4500008004100000020001500041100001600056245002800072245001500100260001500115260002000130260000900150300002300159300001100182440003300193440001200226650002100238650001800259700000800277160803s9999 xx 000 0 und d a043966215X aStine, R.L  aAttack of the mutant /  cR.L. Stine aNew York : bScholastic Inc. c1994 a117, [16] pages ;  c20 cm. aGoosebumps original series ; vbk. 25. aFantasy fiction. aHorror tales. a510